Normal view
MARC view
- Children
Entry Topical Term
001 - CONTROL NUMBER
- control field: 113400
003 - CONTROL NUMBER IDENTIFIER
- control field: NUST
005 - DATE AND TIME OF LATEST TRANSACTION
- control field: 20230706092925.0
008 - FIXED-LENGTH DATA ELEMENTS
- fixed length control field: 230706|| aca||aabn | a|a d
040 ## - CATALOGING SOURCE
- Original cataloging agency: NUST
- Transcribing agency: NUST
150 ## - HEADING--TOPICAL TERM
- Topical term or geographic name entry element: Children
- General subdivision: Diseases, Diagnosis
670 ## - SOURCE DATA FOUND
- Source citation: Work cat.: (NUST): Kliegman, Robert M.; Basel, Donald; Bordini, Brett J.; Toth, Heather 113399, Nelson Pediatric Symptom-Based Diagnosis /, 2018.
